| 000 | 01138nam a22002417a 4500 | ||
|---|---|---|---|
| 001 | BRCA_9419 | ||
| 003 | FranzMayer | ||
| 005 | 20230918130223.0 | ||
| 008 | 230906b |||||||| |||| 00| 0 eng d | ||
| 020 | _a01884638 | ||
| 040 |
_aMFM _bESPAÑOL _cMFM |
||
| 050 | 0 |
_aF1209.5 _bC66 2017 |
|
| 110 | 1 |
_4Responsable _aSecretaria de Cultura _bCoordinación Nacional de Monumentos Históricos _929637 |
|
| 240 |
_aBoletín de Monumentos Históricos 40 _hTercera época, Núm. 40, mayo-agosto de 2017. Los conventos de monjas y vida cotidiana. Segunda parte _lEspañol |
||
| 245 |
_aBoletín de Monumentos Históricos 40 _bTercera época, Núm. 40, mayo-agosto de 2017. Los conventos de monjas y vida cotidiana. Segunda parte |
||
| 260 |
_aMéxico _bSecretaria de Cultura _c2017 |
||
| 300 |
_a184 p _bIlustraciones _c28 cm |
||
| 500 | _aAnexo 1 | ||
| 505 | _aTexto en: españolIncluye índice temáticoDirigido a: arquitectos, historiadores o arqueólogos | ||
| 650 | 1 |
_2America Latina _aMéxico _vMonumentos históricos _929638 |
|
| 651 | 2 |
_2Boletín _aBoletines especiales _vBoletín de monumentos históricos _929639 |
|
| 942 |
_2lcc _cH |
||
| 999 |
_c11041 _d11041 |
||